| 000 | 01377cam a2200265 4500 | ||
|---|---|---|---|
| 001 | gs 67000264 | ||
| 003 | DLC | ||
| 005 | 20260227111421.0 | ||
| 008 | 690715s1967 dcuab b 000 0 eng c | ||
| 010 | _ags 67000264 | ||
| 040 |
_aU.S. Geol. Survey. Library _cDLC _dDLC |
||
| 050 | 1 | 0 |
_aTC801 _b.U2 no. 1851 |
| 100 | 1 |
_aRantz, S. E. _q(Saul Edward), _d1911- |
|
| 245 | 1 | 0 |
_aSurface-water hydrology of California coastal basins between San Francisco Bay and Eel River / _cby S. E. Rantz and T. H. Thompson. |
| 260 |
_aWashington : _bGovt. Print. Off., _c1967. |
||
| 300 |
_aiv, 60 p. : _bill., maps (1 fold. in pocket) ; _c24 cm. |
||
| 440 | 0 |
_aGeological Survey water-supply paper ; _v1851 |
|
| 500 | _a"Prepared in cooperation with the California Department of Water Resources." | ||
| 501 |
_aWith: Water resources of King County, Washington / by Donald Richardson, J. W. Bingham, and R. J. Madison -- Flow pattern and related chemical quality of ground water in the "500-foot" sand in the Memphis area, Tennessee / by Edwin A. Bell and Dale J. Nyman. Washington : Govt. Print. Off., 1968. Bound together subsequent to publication. _5DLC |
||
| 504 | _aBibliography: p. 34. | ||
| 650 | 0 |
_aWater-supply _zCalifornia. |
|
| 650 | 0 |
_aStream measurements _zCalifornia. |
|
| 700 | 1 |
_aThompson, T. H. _q(Terry H.), _d1937- |
|
| 710 | 1 |
_aCalifornia. _bDepartment of Water Resources. |
|
| 999 |
_c30359 _d30359 |
||